[Event "Issy les Moulineaux tt"]
[Site "Issy les Moulineaux"]
[Date "2009.03.15"]
[Round "?"]
[White "Arakelyan, Aram"]
[Black "Turmel, Fabien"]
[Result "1-0"]
[WhiteElo "2048"]
[BlackElo "1880"]
[PlyCount "34"]
[EventDate "2008.10.19"]
[EventType "team-tourn"]
[EventRounds "7"]
[EventCountry "FRA"]
[SourceTitle "EXT 2010"]
[Source "ChessBase"]
[SourceDate "2010.11.25"]
[SourceVersion "1"]
[SourceVersionDate "2010.11.25"]
[SourceQuality "1"]
[WhiteTeam "Issy les Moulineaux"]
[BlackTeam "Caen Alekhine"]
[WhiteTeamCountry "FRA"]
[BlackTeamCountry "FRA"]

1. e4 d6 2. d4 Nf6 3. Nc3 Nbd7 4. Nf3 e5 5. dxe5 dxe5 6. a3 Bc5 7. Bg5 c6 8. Bc4 b5 9. Bb3 0-0 10. 0-0 Qc7 11. Bh4 a5 12. Re1 h6 13. Bg3 Nh5 14. Ne2 Qa7 15. Rf1 Re8 16. h3 Ba6 17. Nd2 Rad8 1-0

[Event "Avoine op 23rd"]
[Site "Avoine"]
[Date "2008.07.23"]
[Round "5"]
[White "Turmel, Fabien"]
[Black "Braeuning, Rudolf Wilhelm"]
[Result "0-1"]
[WhiteElo "1877"]
[BlackElo "2347"]
[PlyCount "34"]
[EventDate "2008.07.19"]
[EventType "swiss"]
[EventRounds "9"]
[EventCountry "FRA"]
[SourceTitle "CBM 125 Extra"]
[Source "ChessBase"]
[SourceDate "2008.09.01"]
[SourceVersion "1"]
[SourceVersionDate "2008.09.01"]
[SourceQuality "1"]

1. d4 d5 2. c4 Nc6 3. Nf3 Bg4 4. Bf4 e6 5. e3 Nf6 6. Nc3 Bb4 7. Be2 dxc4 8. Bxc4 Nd5 9. Bxd5 exd5 10. h3 Bh5 11. Rc1 0-0 12. a3 Ba5 13. b4 Bb6 14. Na4 Bxf3 15. Qxf3 Nxd4 16. exd4 Qe8+ 17. Be5 Bxd4 0-1

[Event "Avoine op 23rd"]
[Site "Avoine"]
[Date "2008.07.22"]
[Round "4"]
[White "Devallee, Jeremie"]
[Black "Turmel, Fabien"]
[Result "0-1"]
[WhiteElo "1994"]
[BlackElo "1877"]
[PlyCount "74"]
[EventDate "2008.07.19"]
[EventType "swiss"]
[EventRounds "9"]
[EventCountry "FRA"]
[SourceTitle "CBM 125 Extra"]
[Source "ChessBase"]
[SourceDate "2008.09.01"]
[SourceVersion "1"]
[SourceVersionDate "2008.09.01"]
[SourceQuality "1"]

1. e4 d6 2. Bc4 Nf6 3. d3 e5 4. f4 c6 5. fxe5 dxe5 6. Nf3 Bg4 7. 0-0 Bc5+ 8. Kh1 0-0 9. c3 b5 10. Bb3 a5 11. Bg5 a4 12. Bc2 Be7 13. Nbd2 Nbd7 14. Qe1 h6 15. Be3 Nh5 16. d4 a3 17. b4 exd4 18. Bxd4 c5 19. bxc5 Nxc5 20. e5 Be6 21. Ne4 Nxe4 22. Qxe4 g6 23. Be3 Bf5 24. Qc6 Bxc2 25. Bxh6 Rc8 26. Qa6 Ng7 27. Nd4 Be4 28. e6 f6 29. Rad1 Qd5 30. Rd2 Rxc3 31. Nxb5 Qc4 32. Rfd1 Rc1 33. Qa7 Bxg2+ 34. Kxg2 Qg4+ 35. Kf2 Bc5+ 36. Qxc5 Rxc5 37. Rd4 Rf5+ 0-1

[Event "Dieppe op 3rd"]
[Site "Dieppe"]
[Date "2002.08.01"]
[Round "6"]
[White "Deschamps, Sebastien"]
[Black "Turmel, Fabien"]
[Result "0-1"]
[WhiteElo "1670"]
[BlackElo "1890"]
[PlyCount "43"]
[EventDate "2002.??.??"]
[EventType "swiss"]
[EventRounds "9"]
[EventCountry "FRA"]
[SourceTitle "EXT 2005"]
[Source "ChessBase"]
[SourceDate "2004.11.15"]
[SourceVersion "1"]
[SourceVersionDate "2004.11.15"]
[SourceQuality "1"]

1. d4 d5 2. Nf3 Nf6 3. e3 c5 4. c3 Nc6 5. Bd3 e6 6. Nbd2 Be7 7. 0-0 0-0 8. Re1 cxd4 9. exd4 Qc7 10. Qc2 h6 11. h3 b6 12. Nf1 Bd6 13. Bd2 Bb7 14. Qc1 e5 15. Bxh6 e4 16. Bxg7 Bf4 17. Qd1 Kxg7 18. g3 Bh6 19. Nh4 Bc8 20. Be2 Bxh3 21. Ne3 Bxe3 22. fxe3 0-1